|
|
|
|
| LEADER |
00000cam a2200000 4500 |
| 001 |
vtls011845189 |
| 003 |
SK-MaSNL |
| 005 |
20260302092112.0 |
| 008 |
240311s2019 xo a b 000 pdslo |
| 015 |
|
|
|a SNBA2019/4
|
| 020 |
|
|
|a 9788055166803
|q (viazané)
|
| 035 |
|
|
|a urn:nbn:sk:snk-am00dkot
|
| 035 |
|
|
|a urn:nbn:sk:snk-am3i5e4
|
| 035 |
|
|
|a F61B28C4-D197-4BB1-9902-A08F339DD537
|
| 040 |
|
|
|a SNK
|b slo
|c SNK
|e rda
|
| 041 |
0 |
|
|a slo
|
| 044 |
|
|
|a xo
|c SK
|
| 072 |
|
7 |
|a 821.162.4-1
|x Slovenská poézia
|2 konspekt
|
| 072 |
|
7 |
|a 821-93
|x Literatúra pre deti a mládež (beletria)
|2 konspekt
|
| 080 |
|
|
|a 821.162.4-1
|2 2011
|
| 080 |
|
|
|a 82-93-053.2
|2 2011
|
| 100 |
1 |
|
|a Podjavorinská, Ľudmila,
|d 1872-1951
|4 aut
|9 91301
|
| 245 |
1 |
0 |
|a Čin-čin
|c Ľudmila Podjavorinská ; illustrations: Karol Ondreička ; textologicky upravil Daniel Hevier
|
| 250 |
|
|
|a Štvrté vydanie
|
| 264 |
|
1 |
|a Bratislava
|b Ikar, a. s. - Stonožka
|c 2019
|
| 300 |
|
|
|a 99 strán
|b farebné ilustrácie
|c 22 cm
|
| 336 |
|
|
|a text
|b txt
|2 rdacontent
|
| 337 |
|
|
|a bez média
|b n
|2 rdamedia
|
| 338 |
|
|
|a zväzok
|b nc
|2 rdacarrier
|
| 500 |
|
|
|a Celkovo deviate vydanie
|
| 500 |
|
|
|a Obsahuje biografické údaje o autoroch
|
| 521 |
8 |
|
|a Pre deti predškolského veku a žiakov ZŠ
|
| 655 |
|
7 |
|a slovenská poézia
|2 SNKPH
|9 70444
|
| 655 |
|
7 |
|a publikácie pre deti
|2 SNKPH
|9 70148
|
| 655 |
|
7 |
|a Slovak poetry
|2 SNKPHeng
|9 265010
|
| 655 |
|
7 |
|a Children's literature
|2 SNKPHeng
|9 276039
|
| 700 |
1 |
|
|a Ondreička, Karol,
|d 1898-1961
|4 ill
|9 101064
|
| 700 |
1 |
|
|a Hevier, Daniel,
|d 1955-
|4 oth
|9 103400
|
| 852 |
|
|
|a Štátna vedecká knižnica v Banskej Bystrici
|
| 919 |
|
|
|a 978-80-551-6680-3
|
| 958 |
|
|
|a LX
|
| 958 |
|
|
|a DB
|
| 999 |
|
|
|c 1203421
|d 1205351
|
| 952 |
|
|
|a SNK
|b SNK
|y PREZ
|7 0
|p 17A1362805
|o snkSC 183679
|i snk2019/9576
|8 0
|0 0
|1 0
|4 0
|d 2019-04-03
|f 1
|l 0
|r 2026-02-24 22:49:01
|w 2026-02-24
|
| 952 |
|
|
|a SNK
|b SNK
|y VYP
|7 0
|p 17A1362806
|o snkSC 183679 D1
|i snk2019/9577
|8 0
|0 0
|1 0
|4 0
|d 2019-04-03
|l 0
|r 2026-02-24 22:49:01
|w 2026-02-24
|